UEFA Europa League 2025/26 First XI - Statistics

General Stats
  • This quiz has been taken 47 times
  • The average score is 61 of 396
Answer Stats
Club Position Nationality Player % Correct
Roma FW Artem Dovbyk
74%
Betis RW Antony
69%
Aston Villa DM John McGinn
67%
Betis FW Cédric Bakambu
62%
Celtic GK Kasper Schmeichel
62%
Nottingham Forest GK Matz Sels
59%
Aston Villa RB Matty Cash
56%
Nottingham Forest CB Nikola Milenković
56%
Aston Villa FW Donyell Malen
54%
Fenerbahçe GK Ederson
54%
Celta Vigo RW Iago Aspas
54%
Betis LB Junior Firpo
54%
Fenerbahçe CB Milan Škriniar
54%
Aston Villa AM Morgan Rogers
54%
Nottingham Forest RB Neco Williams
54%
Aston Villa CB Pau Torres
54%
Fenerbahçe FW Youssef En-Nesyri
54%
Nottingham Forest LM Callum Hudson-Odoi
51%
Celtic FW Daizen Maeda
51%
Porto GK Diogo Costa
51%
Aston Villa LW Emi Buendía
51%
Aston Villa LB Ian Maatsen
51%
Nottingham Forest FW Igor Jesus
51%
Aston Villa DM Boubacar Kamara
49%
Aston Villa CB Ezri Konsa
49%
Nottingham Forest CM Morgan Gibbs-White
49%
Nottingham Forest LB Oleksandr Zinchenko
49%
Rangers RB James Tavernier
46%
Roma WB Kostas Tsimikas
46%
Roma GK Mile Svilar
46%
Bologna DM Remo Freuler
46%
Betis AM Giovani Lo Celso
44%
Nottingham Forest DM Ibrahim Sangaré
44%
Roma AM Matìas Soulé
44%
Stuttgart FW Ermedin Demirović
41%
Porto CB Jakub Kiwior
41%
Aston Villa GK Marco Bizot
41%
Lyon LB Nicolás Tagliafico
41%
Betis DM Sofyan Amrabat
41%
Freiburg LW Vincenzo Grifo
41%
Basel AM Xherdan Shaqiri
41%
Roma CB Zeki Çelik
41%
Lyon CB Clinton Mata
38%
Nottingham Forest CM Elliot Anderson
38%
Celtic LB Kieran Tierney
38%
Bologna DM Lewis Ferguson
38%
Bologna GK Łukasz Skorupski
38%
Red Star FW Marko Arnautović
38%
Braga AM Ricardo Horta
38%
Celtic CB Cameron Carter-Vickers
36%
Nottingham Forest CM Douglas Luiz
36%
Roma CB Gianluca Mancini
36%
Roma CM Manu Koné
36%
Betis CB Natan
36%
Betis GK Pau López
36%
Stuttgart GK Alexander Nübel
33%
Ferencvaros FW Barnabás Varga
33%
Porto CB Jan Bednarek
33%
Fenerbahçe AM Kerem Aktürkoğlu
33%
Roma CB Obite N'Dicka
33%
Porto RW Pepê
33%
Betis CB Valentín Gómez
33%
Braga WB Victor Gomez
33%
Porto LB Zaidu Sanusi
33%
Stuttgart DM Angelo Stiller
31%
Lille CB Chancel Mbemba
31%
Aston Villa RW Evann Guessand
31%
Lyon LW Malick Fofana
31%
Stuttgart LB Maximilian Mittelstädt
31%
Fenerbahçe AM Sebastian Szymański
31%
Nice CB Antoine Mendy
28%
Nice CB Dante
28%
Rangers GK Jack Butland
28%
Lyon CB Moussa Niakhate
28%
Porto FW Samu Omorodion
28%
Betis LW Abde Ezzalzouli
26%
Celta Vigo GK Ionuț Radu
26%
Fenerbahçe CM Marco Asensio
26%
Freiburg CB Matthias Ginter
26%
Nottingham Forest CB Morato
26%
Lyon AM Pavel Šulc
26%
Roma AM Stephan El Shaarawy
26%
Celta Vigo CM Ilaix Moriba
23%
Nice FW Jeremie Boga
23%
Bologna CB Jhon Lucumí
23%
Braga CM João Moutinho
23%
PAOK RB Jonjoe Kenny
23%
Ferencvaros CM Naby Keïta
23%
Brann LW Niklas Castro
23%
Bologna FW Santiago Castro
23%
Panathinaikos RW Tetê
23%
Lyon DM Tyler Morton
23%
Porto CM Alan Varela
21%
PAOK RW Andrija Živković
21%
Celtic CM Callum McGregor
21%
Celta Vigo CB Carl Starfelt
21%
Panathinaikos FW Karol Świderski
21%
Celta Vigo LM Óscar Mingueza
21%
PAOK CB Tomasz Kędziora
21%
Rangers FW Youssef Chermiti
21%
Panathinaikos GK Alban Lafont
18%
Porto LW Borja Sainz
18%
Roma WB Devyne Rensch
18%
Young Boys CM Edimilson Fernandes
18%
Panathinaikos LB Filip Mladenović
18%
Porto LM Gabriel Veiga
18%
Celta Vigo CB Javi Rodríguez
18%
PAOK GK Jiří Pavlenka
18%
Rangers CB John Souttar
18%
Celtic CB Liam Scales
18%
Utrecht RW Miguel Rodríguez
18%
Maccabi Tel Aviv CB Mohamed Aly Camara
18%
Freiburg GK Noah Atubolu
18%
Utrecht FW Sébastien Haller
18%
Nice GK Yehvann Diouf
18%
Nice CB Abdulai Juma Bah
15%
Lyon RW Adam Karabec
15%
PAOK LB Baba Rahman
15%
Stuttgart AM Bilal El Khannouss
15%
Bologna LB Charalampos Lykogiannis
15%
Freiburg LB Christian Günter
15%
Ferencvaros GK Dénes Dibusz
15%
PAOK FW Giorgos Giakoumakis
15%
Lille CM Hákon Arnar Haraldsson
15%
Lille FW Hamza Igamane
15%
Midtjylland CB Lee Hanbeom
15%
Lyon FW Martin Satriano
15%
Lille CM Nabil Bentaleb
15%
Porto RB Pablo Rosario
15%
Panathinaikos DM Renato Sanches
15%
Braga AM Rodrigo Zalazar
15%
Dinamo Zagreb CB Scott McKenna
15%
Betis DM Sergi Altimira
15%
Dinamo Zagreb CB Sergi Dominguez
15%
PAOK LW Taison
15%
Panathinaikos CB Ahmed Touba
13%
Panathinaikos LW Anass Zaroury
13%
Panathinaikos AM Anastasios Bakasetas
13%
Fenerbahçe CB Çağlar Söyüncü
13%
Midtjylland AM Cho Gue-sung
13%
Lyon GK Dominik Greif
13%
Panathinaikos DM Emmanouil Siopis
13%
Midtjylland FW Franculino Djú
13%
PAOK AM Giannis Konstantelias
13%
Panathinaikos RB Giannis Kotsiras
13%
PAOK CB Giannis Michailidis
13%
Braga GK Lukáš Horníček
13%
Lille FW Matias Fernandez-Pardo
13%
Rangers RW Mikey Moore
13%
Rangers AM Mohamed Diomandé
13%
Nice CM Morgan Sanson
13%
Rangers DM Nicolas Raskin
13%
Feyenoord DM Quinten Timber
13%
PAOK DM Soualiho Meïté
13%
Lille RB Tiago Santos
13%
RB Salzburg GK Alexander Schlager
10%
Betis RB Ángel Ortíz
10%
Fenerbahçe WB Archie Brown
10%
FCSB DM Baba Alhassan
10%
Red Star AM Bruno Duarte
10%
FCSB RB Daniel Graovac
10%
Young Boys RM Darian Males
10%
FCSB AM Darius Olaru
10%
FCSB LB David Kiki
10%
FCSB RW David Miculescu
10%
Go Ahead Eagles LB Dean James
10%
Rangers CB Derek Cornelius
10%
Ludogorets RM Deroy Duarte
10%
Rangers LW Djeidi Gassama
10%
Maccabi Tel Aviv FW Dor Peretz
10%
Bologna AM Federico Bernardeschi
10%
Celta Vigo FW Ferran Jutglà
10%
Celta Vigo CM Fran Beltrán
10%
Stuttgart LW Jamie Leweling
10%
Fenerbahçe CB Jayden Oosterwolde
10%
Malmö RB Jens Stryger Larsen
10%
Freiburg AM Johan Manzambi
10%
FCSB LW Juri Cisotti
10%
Celta Vigo CB Marcos Alonso
10%
Nice WB Melvin Bard
10%
FCSB CB Mihai Popescu
10%
Red Star LW Mirko Ivanić
10%
Roma CM Neil El Aynaoui
10%
Genk FW Oh Hyeon-gyu
10%
RB Salzburg FW Petar Ratkov
10%
Celtic LM Reo Hatate
10%
Malmö GK Robin Olsen
10%
Lyon RB Ruben Kluivert
10%
Young Boys RB Saidy Janko
10%
Viktoria Plzeň CB Sampson Dweh Jr.
10%
Red Star RB Seol Young-woo
10%
FCSB CB Siyabonga Ngezana
10%
RB Salzburg RB Stefan Lainer
10%
FCSB GK Stefan Târnovanu
10%
Panathinaikos CB Sverrir Ingi Ingason
10%
Red Star DM Timi Elšnik
10%
Porto RM Victor Froholdt
10%
Basel CB Adrian Leon Barišić
8%
RB Salzburg LB Aleksa Terzić
8%
Freiburg CB Anthony Jung
8%
Dinamo Zagreb LM Arbër Hoxha
8%
Basel LW Arlet Zé
8%
Young Boys CM Armin Gigovic
8%
Lille GK Berke Özer
8%
Genk CM Bryan Heynen
8%
Stuttgart DM Chema
8%
Young Boys FW Chris Bedia
8%
Young Boys FW Christian Fassnacht
8%
Dinamo Zagreb CM Dejan Ljubicic
8%
FCSB FW Denis Alibec
8%
RB Salzburg FW Edmund Baidoo
8%
Sturm Graz LW Filip Rózga
8%
Stuttgart CB Finn Jeltsch
8%
Red Star CB Franklin Tebo
8%
Feyenoord LW Gaoussou Diarra
8%
Feyenoord LB Gijs Smal
8%
Nice CM Hicham Boudaoui
8%
Ferencvaros CB Ibrahim Cissé
8%
Freiburg RW Jan-Niklas Beste
8%
Young Boys LB Jaouen Hadjam
8%
Rangers LB Jayden Meghoma
8%
Bologna FW Jens Odgaard
8%
Young Boys LM Joel Monteiro
8%
Dinamo Zagreb DM Josip Mišić
8%
Basel RB Keigo Tsunemoto
8%
RB Salzburg AM Kerim Alajbegović
8%
Nice FW Kevin Carlos
8%
Stuttgart RB Lorenz Assignon
8%
Young Boys CB Loris Benito
8%
RB Salzburg DM Mads Bidstrup
8%
FCSB DM Malcolm Edjouma
8%
Bologna CB Martin Vitík
8%
Young Boys GK Marvin Keller
8%
Red Star GK Matheus
8%
Lyon DM Mathys De Carvalho
8%
Genk CB Matte Smets
8%
Basel DM Metinho
8%
Red Star CB Miloš Veljković
8%
Red Star LB Nair Tiknizyan
8%
Red Star RW Nemanja Radonjić
8%
Lille LM Osame Sahraoui
8%
Celta Vigo LW Pablo Durán
8%
Genk CM Patrik Hrošovský
8%
Ludogorets LM Petar Stanic
8%
Stuttgart CB Ramon Hendriks
8%
Malmö LM Sead Haksabanović
8%
Celtic LW Sebastian Tounekti
8%
Feyenoord AM Sem Steijn
8%
Ludogorets LB Son
8%
Young Boys CB Tanguy Zoukrou
8%
Rangers DM Thelo Aasgaard
8%
Red Star DM Tomás Händel
8%
Utrecht GK Vasilios Barkas
8%
Genk LM Yaimar Medina
8%
Celtic RW Yang Hyunjun
8%
Basel FW Albian Ajeti
5%
Ferencvaros CM Alex Tóth
5%
Viktoria Plzeň WB Amar Memić
5%
Braga FW Amine El Ouazzani
5%
Feyenoord CB Anel Ahmedhodžić
5%
Stuttgart RW Badredine Bouanani
5%
Feyenoord RB Bart Nieuwkoop
5%
Ferencvaros DM Bence Ötvös
5%
Celtic RM Benjamin Nygren
5%
Braga CB Bright Arrey-Mbi
5%
Ferencvaros LW Callum O'Dowda
5%
Lille LB Calvin Verdonk
5%
Feyenoord FW Casper Tengstedt
5%
Ferencvaros RW Cebrails Makreckis
5%
Nice CM Charles Vanhoutte
5%
Celtic RB Colby Donovan
5%
Malmö FW Daníel Gudjohnsen
5%
Midtjylland LM Denil Castillo
5%
Dinamo Zagreb FW Dion Drena Beljo
5%
Basel LB Dominik Schmid
5%
Ludogorets LW Erick Marcus
5%
Braga CM Gabriel Moscardo
5%
Feyenoord RW Gonçalo Borges
5%
Braga CB Gustaf Lagerbielke
5%
Genk GK Hendrik Van Crombrugge
5%
Genk DM Ibrahima Sory Bangoura
5%
Basel RW Ibrahim Salah
5%
RB Salzburg CB Jacob Rasmussen
5%
Brann CM Jakob Sørensen
5%
Genk RM Jarne Steuckers
5%
Ludogorets RB Joel Andersson
5%
Basel CB Jonas Adjetey
5%
Celta Vigo RM Jones El-Abdellaoui
5%
Sturm Graz DM Jon Gorenc Stanković
5%
Genk LB Joris Kayembe
5%
Go Ahead Eagles CB Joris Kramer
5%
Freiburg FW Junior Adamu
5%
Midtjylland RB Kevin Mbabu
5%
RB Salzburg CB Kouakou Gadou
5%
Basel DM Léo Leroy
5%
Braga WB Leonardo Lelo
5%
Viktoria Plzeň CM Lukáš Červ
5%
Freiburg RB Lukas Kübler
5%
Midtjylland LB Mads Bech Sørensen
5%
PAOK DM Magomed Ozdoyev
5%
Feyenoord CB Malcolm Jeng
5%
Viktoria Plzeň GK Martin Jedlička
5%
Freiburg DM Maximilian Eggestein
5%
Basel GK Mirko Salvi
5%
RB Salzburg AM Moussa Kounfolo Yeo
5%
Genk CB Mujaid Sadick
5%
Bologna RB Nadir Zortea
5%
Fenerbahçe CM Nélson Semedo
5%
Fenerbahçe WB Nene Dorgeles
5%
Lille RM Ngal'Ayel Mukau
5%
Bologna AM Nicolò Cambiaghi
5%
Malmö CM Otto Rosengren
5%
Midtjylland CB Ousmane Diao
5%
Feyenoord DM Oussama Targhalline
5%
Freiburg DM Patrick Osterhage
5%
Midtjylland RM Philip Billing
5%
Malmö CB Pontus Jansson
5%
Viktoria Plzeň FW Rafiu Durosinmi
5%
Braga CB Sikou Niakaté
5%
Utrecht LB Souffian El Karouani
5%
RB Salzburg DM Soumaïla Diabaté
5%
Ferencvaros CB Stefan Gartenmann
5%
Feyenoord GK Timon Wellenreuther
5%
Sturm Graz RW Tomi Horvat
5%
Nice WB Tom Louchet
5%
Genk RB Zakaria El Ouahdi
5%
Malmö CM Adrian Skogmar
3%
Utrecht CM Alonzo Engwanda
3%
Malmö FW Anders Christiansen
3%
Dinamo Zagreb LB Bruno Goda
3%
Malmö LB Busanello
3%
Ludogorets RW Caio Vidal
3%
Viktoria Plzeň CM Cheick Souaré
3%
Malmö CB Colin Rosler
3%
Utrecht LW Derry Murkin
3%
Sturm Graz CB Dimitri Lavalée
3%
Ludogorets CB Dinis Almeida
3%
Ludogorets CB Edvin Kurtulus
3%
Brann CB Eivind Helland
3%
Midtjylland GK Elías Rafn Ólafsson
3%
Sturm Graz CB Emanuel Aiwum
3%
Brann RM Emil Kornvig
3%
Sturm Graz LB Emir Karic
3%
Go Ahead Eagles DM Evert Linthorst
3%
Brann LM Felix Myhre
3%
Brann CB Fredrik Pallesen Knudsen
3%
Go Ahead Eagles CB Gerrit Nauber
3%
Utrecht LM Gjivai Zechiël
3%
Malmö RM Hugo Bolin
3%
Maccabi Tel Aviv DM Issouf Sissokho
3%
Dinamo Zagreb GK Ivan Nevistić
3%
Go Ahead Eagles CM Jakob Breum
3%
Viktoria Plzeň CB Jan Paluska
3%
Go Ahead Eagles GK Jari De Busser
3%
Midtjylland FW Júnior Brumado
3%
Go Ahead Eagles RW Kenzo Goudmijn
3%
Maccabi Tel Aviv AM Kervin Andrade
3%
Maccabi Tel Aviv DM Kristijan Belic
3%
Viktoria Plzeň FW Matěj Vydra
3%
Dinamo Zagreb RM Mateo Lisica
3%
Brann GK Mathias Dyngeland
3%
Go Ahead Eagles LW Mathis Suray
3%
Go Ahead Eagles RB Mats Deijl
3%
Sturm Graz FW Maurice Malone
3%
Lille CB Maxima Goffi
3%
Go Ahead Eagles CB Melle Meulensteen
3%
Viktoria Plzeň WB Merchas Doski
3%
Dinamo Zagreb CM Miha Zajc
3%
Utrecht CB Mike van der Hoorn
3%
Dinamo Zagreb RB Moris Valinčić
3%
Utrecht CB Nick Viergever
3%
Utrecht RM Niklas Vesterlund
3%
Brann FW Noah Holm
3%
Sturm Graz GK Oliver Christensen
3%
Maccabi Tel Aviv RW Osher Davida
3%
Ludogorets CM Pedrinho
3%
Midtjylland DM Pedro Bravo
3%
Maccabi Tel Aviv CB Raz Shlomo
3%
Maccabi Tel Aviv GK Roei Mashpati
3%
Maccabi Tel Aviv LB Roy Revivo
3%
Brann RW Sævar Magnússon
3%
Maccabi Tel Aviv LW Sagiv Yehezkel
3%
Sturm Graz AM Seedy Jatta
3%
Ludogorets GK Sergio Padt
3%
Utrecht RB Siebe Horemans
3%
Brann RB Thore Pedersen
3%
Sturm Graz RB Tim Oermann
3%
Sturm Graz DM Tochi Chukwuani
3%
Viktoria Plzeň CM Tomáš Ladra
3%
Ferencvaros CB Toon Raemaekers
3%
Maccabi Tel Aviv RB Tyrese Asante
3%
Viktoria Plzeň CB Václav Jemelka
3%
Brann LB Vetle Dragsnes
3%
Go Ahead Eagles FW Victor Edvardsen
3%
Ludogorets FW Yves Bile
3%
Ferencvaros FW Zsombor Gruber
3%
No matching quizzes found
Score Distribution
Percent of People with Each Score
Percentile by Number Answered
Your Score History
You have not taken this quiz